000 00451nam a2200157 i 4500
001 30019
003 ES-MaACL
005 20230906154127.0
007 t|
008 030123s1972 sp ||||1| spa d
100 1 _aBarros, Daniel.
_926047
245 1 0 _aPoesía sudamericana actual
_b: (algunos enfoques) /
_cDaniel Barros.
260 _a[Madrid] :
_bMiguel Castellote,
_c[1972]
300 _a105 p. ;
_c18 cm.
852 _aES-MaACL
_jC-43876
_bR.82361
999 _c30019
_d30019